[Event "Paris European Corporate 1st"]
[Site "Paris"]
[Date "2017.11.25"]
[Round "6.2"]
[White "Groz, Jacky"]
[Black "Matukin, Igor"]
[Result "0-1"]
[WhiteElo "2063"]
[BlackElo "2340"]
[PlyCount "106"]
[EventDate "2017.11.24"]
[EventType "team-swiss"]
[EventRounds "9"]
[EventCountry "FRA"]
[SourceTitle "CBM 181 Extra"]
[Source "ChessBase"]
[SourceDate "2017.12.12"]
[SourceVersion "1"]
[SourceVersionDate "2017.12.12"]
[SourceQuality "1"]
[WhiteTeam "A l'Abri"]
[BlackTeam "Sberbank"]
[WhiteTeamCountry "FRA"]
[BlackTeamCountry "RUS"]

1. e4 e6 2. d4 d5 3. exd5 exd5 4. Bd3 Bd6 5. Nf3 Ne7 6. 0-0 Bg4 7. Re1 Nbc6 8. c3 Qd7 9. Nbd2 0-0-0 10. b4 Ng6 11. Qa4 Kb8 12. b5 Nce7 13. Ba3 Nc8 14. Bc5 Rhe8 15. Rec1 Bf5 16. Bf1 h6 17. Qb3 Qe7 18. a4 Bxc5 19. dxc5 Qxc5 20. Nd4 Bd7 21. a5 b6 22. axb6 cxb6 23. N2f3 Ne5 24. Nxe5 Rxe5 25. Nf3 Re7 26. Rd1 Bg4 27. Nd4 Rc7 28. Rdc1 Bd7 29. Be2 Re8 30. Bf3 Re5 31. Rc2 g5 32. h3 f5 33. Be2 g4 34. hxg4 fxg4 35. g3 h5 36. Bf1 Re4 37. Rac1 Nd6 38. Bg2 Re5 39. Bf1 Nf5 40. Bd3 Nd6 41. Bf1 Ne4 42. Bg2 Qc4 43. Bxe4 Rxe4 44. Qa3 Qc5 45. Qb3 Re5 46. Rd1 Qe7 47. c4 Re1+ 48. Rxe1 Qxe1+ 49. Kh2 dxc4 50. Rxc4 Qxf2+ 51. Kh1 Qf1+ 52. Kh2 Qxc4 53. Nc6+ Rxc6 0-1

[Event "Paris European Corporate 1st"]
[Site "Paris"]
[Date "2017.11.25"]
[Round "8.3"]
[White "Muller, Veronique"]
[Black "Groz, Jacky"]
[Result "0-1"]
[WhiteElo "2012"]
[BlackElo "2063"]
[PlyCount "91"]
[EventDate "2017.11.24"]
[EventType "team-swiss"]
[EventRounds "9"]
[EventCountry "FRA"]
[SourceTitle "CBM 181 Extra"]
[Source "ChessBase"]
[SourceDate "2017.12.12"]
[SourceVersion "1"]
[SourceVersionDate "2017.12.12"]
[SourceQuality "1"]
[WhiteTeam "Leonard"]
[BlackTeam "A l'Abri"]
[WhiteTeamCountry "FRA"]
[BlackTeamCountry "FRA"]

1. e4 c5 2. c3 d5 3. exd5 Qxd5 4. d4 Nf6 5. Nf3 Bg4 6. Be2 e6 7. 0-0 Nc6 8. Be3 cxd4 9. cxd4 a6 10. Nc3 Qd6 11. Qb3 Qb4 12. Qxb4 Bxb4 13. Rfd1 Rd8 14. a3 Ba5 15. Rac1 0-0 16. h3 Bh5 17. Rc2 Rd7 18. b4 Bd8 19. Rcd2 Nd5 20. Nxd5 Rxd5 21. g4 Bg6 22. Bc4 Rd7 23. d5 exd5 24. Bxd5 Bf6 25. Bxc6 Rxd2 26. Rxd2 bxc6 27. Rd6 Be4 28. Nd4 Rd8 29. Rxd8+ Bxd8 30. f3 Bd5 31. Kf2 g6 32. Ke2 Kf8 33. Kd3 Ke7 34. f4 Kd6 35. Nc2 Bg2 36. Bc5+ Kc7 37. h4 Bxh4 38. Kd4 Bf2+ 39. Kc4 Bf1+ 40. Kc3 Bg3 41. Be3 Be2 42. g5 Bg4 43. Nd4 Kd6 44. Kc4 Bh3 45. Kc3 Kd5 46. Ne2 0-1

[Event "Paris European Corporate 1st"]
[Site "Paris"]
[Date "2017.11.24"]
[Round "2.3"]
[White "Coste, Thierry"]
[Black "Groz, Jacky"]
[Result "0-1"]
[WhiteElo "2097"]
[BlackElo "2063"]
[PlyCount "50"]
[EventDate "2017.11.24"]
[EventType "team-swiss"]
[EventRounds "9"]
[EventCountry "FRA"]
[SourceTitle "CBM 181 Extra"]
[Source "ChessBase"]
[SourceDate "2017.12.12"]
[SourceVersion "1"]
[SourceVersionDate "2017.12.12"]
[SourceQuality "1"]
[WhiteTeam "Banque de France"]
[BlackTeam "A l'Abri"]
[WhiteTeamCountry "FRA"]
[BlackTeamCountry "FRA"]

1. e4 c5 2. c3 g6 3. d4 cxd4 4. cxd4 d5 5. Nc3 dxe4 6. Bc4 Nf6 7. Qb3 e6 8. d5 exd5 9. Nxd5 Bg7 10. Bf4 Nxd5 11. Bxd5 0-0 12. 0-0-0 Qf6 13. Ne2 Nc6 14. h4 Bg4 15. f3 exf3 16. gxf3 Bf5 17. h5 Na5 18. Qa3 Rac8+ 19. Nc3 Nc4 20. Bxc4 Rxc4 21. Bd2 b5 22. Qb3 Qc6 23. a3 a5 24. hxg6 hxg6 25. Bg5 Bxc3 0-1

[Event "Cappelle op 29th"]
[Site "Cappelle la Grande"]
[Date "2013.02.24"]
[Round "2"]
[White "Groz, Jacky"]
[Black "Ababsa, Tufek"]
[Result "1-0"]
[WhiteElo "2091"]
[BlackElo "1742"]
[PlyCount "51"]
[EventDate "2013.02.23"]
[EventType "swiss"]
[EventRounds "9"]
[EventCountry "FRA"]
[SourceTitle "CBM 153 Extra"]
[Source "ChessBase"]
[SourceDate "2013.04.22"]
[SourceVersion "1"]
[SourceVersionDate "2013.04.22"]
[SourceQuality "1"]

1. e4 e6 2. b3 d5 3. Bb2 Nf6 4. e5 Nfd7 5. f4 c5 6. Nf3 Be7 7. Be2 Nc6 8. 0-0 0-0 9. Qe1 Qc7 10. Qg3 Re8 11. Qh3 Nf8 12. Qh5 Bd7 13. Ng5 Bxg5 14. Qxg5 Qd8 15. Qg3 a6 16. Nc3 Nd4 17. Bd3 b5 18. f5 c4 19. f6 Ng6 20. Bxg6 hxg6 21. Qf4 Nxc2 22. fxg7 Kxg7 23. Qxf7+ Kh6 24. Rf3 Rf8 25. Rh3+ Kg5 26. Rg3+ 1-0

[Event "FRA-chT2 North 0607"]
[Site "France"]
[Date "2007.03.31"]
[Round "10.7"]
[White "Groz, Jacky"]
[Black "Salazar, Diego"]
[Result "1/2-1/2"]
[WhiteElo "2083"]
[BlackElo "2066"]
[PlyCount "108"]
[EventDate "2006.10.15"]
[EventType "team-tourn"]
[EventRounds "11"]
[EventCountry "FRA"]
[SourceTitle "EXT 2008"]
[Source "ChessBase"]
[SourceDate "2007.11.25"]
[SourceVersion "1"]
[SourceVersionDate "2007.11.25"]
[SourceQuality "1"]
[WhiteTeam "Evry Grand Roque III"]
[BlackTeam "Chalons en Champagne"]
[WhiteTeamCountry "FRA"]
[BlackTeamCountry "FRA"]

1. e4 g6 2. d4 Bg7 3. Nf3 b6 4. Nc3 Bb7 5. Bc4 e6 6. 0-0 d6 7. Be3 Ne7 8. Qd2 h6 9. Rad1 g5 10. Ne1 Ng6 11. f4 gxf4 12. Bxf4 Qe7 13. Be3 Nd7 14. Nd3 0-0-0 15. a4 Nf6 16. d5 Ng4 17. Nf4 N6e5 18. Be2 h5 19. a5 Rdg8 20. axb6 axb6 21. Ra1 Qh4 22. Bxg4 Nxg4 23. g3 Bxc3 24. bxc3 Nxe3 25. Qxe3 Rg4 26. Kh1 Qg5 27. Qf3 h4 28. Nh3 Qg6 29. Nf2 Rg5 30. Nh3 Re5 31. Nf4 Qh7 32. g4 exd5 33. exd5 Rhe8 34. c4 Qxc2 35. Rac1 Qa2 36. Kg1 Re4 37. Qd3 Kb8 38. Rc2 Qa4 39. h3 Re3 40. Qf5 Bc8 41. Qh7 R8e7 42. Rcc1 f5 43. Qxh4 fxg4 44. hxg4 Qb3 45. g5 Rg3+ 46. Kh2 Ree3 47. Rfe1 Rg4 48. Qf2 Rf3 49. Qc2 Rh4+ 50. Kg1 Qxc2 51. Rxc2 Rfxf4 52. Ree2 Bh3 53. Rf2 Rfg4+ 54. Kh1 Bg2+ 1/2-1/2

[Event "FRA-chT2 North 0607"]
[Site "France"]
[Date "2006.11.25"]
[Round "2.5"]
[White "Groz, Jacky"]
[Black "Charmeteau, Sven"]
[Result "0-1"]
[WhiteElo "2089"]
[BlackElo "2139"]
[PlyCount "112"]
[EventDate "2006.10.15"]
[EventType "team-tourn"]
[EventRounds "11"]
[EventCountry "FRA"]
[SourceTitle "EXT 2008"]
[Source "ChessBase"]
[SourceDate "2007.11.25"]
[SourceVersion "1"]
[SourceVersionDate "2007.11.25"]
[SourceQuality "1"]
[WhiteTeam "Evry Grand Roque III"]
[BlackTeam "Gonfreville II"]
[WhiteTeamCountry "FRA"]
[BlackTeamCountry "FRA"]

1. e4 c5 2. c3 Nf6 3. e5 Nd5 4. d4 cxd4 5. Nf3 Nc6 6. cxd4 d6 7. exd6 Qxd6 8. Nc3 Nxc3 9. bxc3 Bg4 10. Be2 e6 11. Rb1 Rb8 12. Qa4 Be7 13. Ne5 Bxe2 14. Nxc6 b5 15. Qxa7 Qxc6 16. Qxb8+ Kd7 17. Qa7+ Ke8 18. f3 Bd3 19. Rb3 Bc2 20. Ba3 Bh4+ 21. g3 Bxb3 22. gxh4 Qxc3+ 23. Kf2 Qc2+ 24. Ke3 Qc3+ 25. Kf4 b4 26. Qb8+ Kd7 27. Qb7+ Kd8 28. Qb6+ Qc7+ 29. Qxc7+ Kxc7 30. Bxb4 Bxa2 31. Rg1 Rg8 32. h5 f6 33. Be7 Kd7 34. Bxf6 gxf6 35. Rxg8 e5+ 36. dxe5 fxe5+ 37. Kxe5 Bxg8 38. Kf6 Bc4 39. Kg7 Bd3 40. Kf7 Kd6 41. f4 Kd5 42. Kf6 Ke4 43. Kg5 Bc2 44. Kg4 Ba4 45. Kg5 Bc2 46. Kg4 h6 47. Kg3 Bd1 48. h3 Bxh5 49. Kh4 Be2 50. Kg3 Kf5 51. Kh4 Kg6 52. Kg3 Bd3 53. Kg4 Be4 54. Kh4 Bf5 55. Kg3 Kh5 56. h4 Bg4 0-1

[Event "FRA-chT2A 0506"]
[Site "France"]
[Date "2006.04.01"]
[Round "10.7"]
[White "Bleuzen, Erwan"]
[Black "Groz, Jacky"]
[Result "1/2-1/2"]
[WhiteElo "2032"]
[BlackElo "2117"]
[PlyCount "115"]
[EventDate "2005.10.27"]
[EventType "team-tourn"]
[EventRounds "11"]
[EventCountry "FRA"]
[SourceTitle "EXT 2006"]
[Source "ChessBase"]
[SourceDate "2005.11.24"]
[SourceVersion "1"]
[SourceVersionDate "2005.11.24"]
[SourceQuality "1"]
[WhiteTeam "Rennes Paul Bert"]
[BlackTeam "Evry III"]
[WhiteTeamCountry "FRA"]
[BlackTeamCountry "FRA"]

1. d4 d5 2. c4 e6 3. Nf3 Nf6 4. Nc3 Be7 5. g3 0-0 6. Bg2 c5 7. cxd5 Nxd5 8. 0-0 Bf6 9. e4 cxd4 10. Nb5 Nc7 11. Nbxd4 e5 12. Nb3 Bg4 13. Be3 Ne6 14. Rc1 Nc6 15. h3 Bh5 16. Rc4 Qe7 17. Qc1 h6 18. Qc3 Rfd8 19. a4 Rd6 20. Qc1 Rad8 21. Re1 Rd3 22. Nc5 Nxc5 23. Bxc5 Qe6 24. g4 Bg6 25. Rc3 Bxe4 26. Rxd3 Bxd3 27. Nd2 Qa2 28. Bxc6 bxc6 29. Bxa7 Qxa4 30. Bc5 Qb5 31. b4 Bg5 32. Qb2 Bg6 33. Nf3 Bf4 34. Nxe5 Re8 35. Nf3 Rxe1+ 36. Nxe1 Qc4 37. Ng2 Bc7 38. Qd2 Qb3 39. Qe3 Qd1+ 40. Qe1 Qf3 41. Qe3 Qd1+ 42. Ne1 f5 43. Qe6+ Bf7 44. Qc8+ Bd8 45. Kh2 Kh7 46. Qxf5+ Bg6 47. Qe5 Bf6 48. Qe3 Bg5 49. Qe5 Qc1 50. Ng2 Bf6 51. Qe3 Qc2 52. f3 Bg5 53. Qf2 Qd3 54. h4 Bf6 55. Qe3 Qb5 56. f4 Bf7 57. g5 hxg5 58. hxg5 1/2-1/2

[Event "FRA-chT2A 0506"]
[Site "France"]
[Date "2006.02.05"]
[Round "7.3"]
[White "Loiret, Stanislas"]
[Black "Groz, Jacky"]
[Result "1-0"]
[WhiteElo "2235"]
[BlackElo "2117"]
[PlyCount "47"]
[EventDate "2005.10.27"]
[EventType "team-tourn"]
[EventRounds "11"]
[EventCountry "FRA"]
[SourceTitle "EXT 2006"]
[Source "ChessBase"]
[SourceDate "2005.11.24"]
[SourceVersion "1"]
[SourceVersionDate "2005.11.24"]
[SourceQuality "1"]
[WhiteTeam "Tours"]
[BlackTeam "Evry III"]
[WhiteTeamCountry "FRA"]
[BlackTeamCountry "FRA"]

1. c4 b6 2. d4 e6 3. Nc3 Bb7 4. Nf3 Nf6 5. Bg5 Be7 6. e3 0-0 7. Bd3 d5 8. cxd5 Nxd5 9. Nxd5 Bxd5 10. Bxe7 Qxe7 11. 0-0 Rc8 12. Qe2 c5 13. Rfc1 Bb7 14. b4 cxb4 15. Rxc8+ Bxc8 16. Bxh7+ Kxh7 17. Qc2+ f5 18. Qxc8 Qd7 19. Qf8 Qc6 20. Ng5+ Kg6 21. Qf7+ Kh6 22. Nxe6 Qd7 23. Qxf5 Qe7 24. Nf4 1-0

[Event "Aurec Cup"]
[Site "Aurec"]
[Date "2002.06.16"]
[Round "4"]
[White "Verdelli, Maximilien"]
[Black "Groz, Jacky"]
[Result "1/2-1/2"]
[WhiteElo "1830"]
[BlackElo "2050"]
[PlyCount "49"]
[EventDate "2002.06.??"]
[EventType "team-tourn"]
[EventRounds "5"]
[EventCountry "FRA"]
[SourceTitle "EXT 2004"]
[Source "ChessBase"]
[SourceDate "2003.11.25"]
[SourceVersion "1"]
[SourceVersionDate "2003.11.25"]
[SourceQuality "1"]

1. d4 d5 2. Nf3 Nf6 3. c4 e6 4. Nc3 Be7 5. Bg5 h6 6. Bh4 0-0 7. e3 b6 8. cxd5 Nxd5 9. Bxe7 Nxe7 10. b4 Bb7 11. Be2 a5 12. a3 Nbc6 13. b5 Na7 14. 0-0 Ng6 15. Qb3 Nc8 16. Rfc1 Nce7 17. Na4 Rc8 18. Rc2 Bd5 19. Qb2 Be4 20. Rd2 Nf5 21. Nc3 Bb7 22. Rad1 Nfh4 23. d5 e5 24. Ne4 f5 25. Ng3 1/2-1/2

[Event "Aurec Cup"]
[Site "Aurec"]
[Date "2002.06.15"]
[Round "3"]
[White "Groz, Jacky"]
[Black "Thorel, Gregoire"]
[Result "0-1"]
[WhiteElo "2050"]
[BlackElo "1720"]
[PlyCount "53"]
[EventDate "2002.06.??"]
[EventType "team-tourn"]
[EventRounds "5"]
[EventCountry "FRA"]
[SourceTitle "EXT 2004"]
[Source "ChessBase"]
[SourceDate "2003.11.25"]
[SourceVersion "1"]
[SourceVersionDate "2003.11.25"]
[SourceQuality "1"]

1. e4 e5 2. Nc3 Bc5 3. Bc4 d6 4. Nf3 Bg4 5. h3 Bh5 6. d3 Nc6 7. g4 Bg6 8. Bg5 Nge7 9. Nh4 Qd7 10. Nf5 Bxf5 11. gxf5 h6 12. Bh4 Na5 13. Bb3 c6 14. Rg1 Nxb3 15. axb3 0-0-0 16. Rxg7 Rhg8 17. Rxg8 Rxg8 18. Kf1 Nxf5 19. exf5 Qxf5 20. Ra4 Qxh3+ 21. Ke2 b5 22. Re4 f5 23. Bg3 fxe4 24. Nxe4 Qg4+ 25. f3 Qh3 26. Qf1 Qxf1+ 27. Kxf1 0-1

[Event "Bethune op 21st"]
[Site "Bethune"]
[Date "2000.??.??"]
[Round "3"]
[White "Faivre, Joann"]
[Black "Groz, Jacky"]
[Result "1-0"]
[WhiteElo "1790"]
[BlackElo "2020"]
[PlyCount "69"]
[EventDate "2000.12.26"]
[EventType "swiss"]
[EventRounds "7"]
[EventCountry "FRA"]
[SourceTitle "EXT 2003"]
[Source "ChessBase"]
[SourceDate "2002.11.25"]
[SourceVersion "1"]
[SourceVersionDate "2002.11.25"]
[SourceQuality "1"]

1. d4 b6 2. e4 Bb7 3. Nc3 e6 4. Be3 Bb4 5. Bd3 Nf6 6. f3 c5 7. Nge2 Nc6 8. Qd2 d5 9. exd5 Nxd5 10. Bf2 cxd4 11. Nxd4 0-0 12. 0-0 Qf6 13. Nxd5 Qxd4 14. Ne7+ Kh8 15. Nxc6 Bxc6 16. c3 Qd6 17. cxb4 Rfd8 18. Rfd1 Bb5 19. Be4 Qe7 20. Qe1 Rac8 21. Rxd8+ Qxd8 22. Rc1 Rc4 23. b3 Rc7 24. a4 Be8 25. Rc3 Rd7 26. Rc1 f6 27. Bc6 Re7 28. b5 Bf7 29. Rd1 Qc8 30. Qd2 h6 31. Qd8+ Qxd8 32. Rxd8+ Kh7 33. Rd7 Rxd7 34. Bxd7 e5 35. b4 1-0

[Event "Bethune op 21st"]
[Site "Bethune"]
[Date "2000.??.??"]
[Round "7"]
[White "Meghriche, Eric"]
[Black "Groz, Jacky"]
[Result "0-1"]
[WhiteElo "1770"]
[BlackElo "2020"]
[PlyCount "28"]
[EventDate "2000.12.26"]
[EventType "swiss"]
[EventRounds "7"]
[EventCountry "FRA"]
[SourceTitle "EXT 2003"]
[Source "ChessBase"]
[SourceDate "2002.11.25"]
[SourceVersion "1"]
[SourceVersionDate "2002.11.25"]
[SourceQuality "1"]

1. d4 b6 2. e4 Bb7 3. Nc3 e6 4. Bd3 Bb4 5. Nge2 Nf6 6. 0-0 c5 7. Be3 cxd4 8. Bxd4 Nc6 9. Be3 Ng4 10. Bf4 g5 11. Bg3 h5 12. f4 Bc5+ 13. Kh1 h4 14. Be1 Ne3 0-1

[Event "FRA-chT U18"]
[Site "France"]
[Date "1996.??.??"]
[Round "?"]
[White "Groz, Jacky"]
[Black "Gauthier, Adrien"]
[Result "0-1"]
[WhiteElo "1700"]
[BlackElo "1660"]
[PlyCount "46"]
[EventDate "1996.??.??"]
[EventType "team-tourn"]
[EventRounds "11"]
[EventCountry "FRA"]
[SourceTitle "EXT 2004"]
[Source "ChessBase"]
[SourceDate "2003.11.25"]
[SourceVersion "1"]
[SourceVersionDate "2003.11.25"]
[SourceQuality "1"]

1. e4 e6 2. b3 d5 3. Bb2 Nf6 4. exd5 exd5 5. Nf3 Bf5 6. Bb5+ c6 7. Qe2+ Be6 8. Bd3 Be7 9. Ng5 Qd7 10. Nxe6 Qxe6 11. Qxe6 fxe6 12. 0-0 Bc5 13. Re1 0-0 14. Bxf6 Rxf6 15. Re2 Nd7 16. c3 Raf8 17. g3 Rxf2 18. Rxf2 Rxf2 19. Bxh7+ Kxh7 20. d4 Bxd4 21. cxd4 Rc2 22. Na3 Rd2 23. b4 a6 0-1

[Event "FRA-chT U18"]
[Site "France"]
[Date "1996.??.??"]
[Round "?"]
[White "Roser, Kevin"]
[Black "Groz, Jacky"]
[Result "1-0"]
[WhiteElo "2185"]
[BlackElo "1700"]
[PlyCount "71"]
[EventDate "1996.??.??"]
[EventType "team-tourn"]
[EventRounds "11"]
[EventCountry "FRA"]
[SourceTitle "EXT 2004"]
[Source "ChessBase"]
[SourceDate "2003.11.25"]
[SourceVersion "1"]
[SourceVersionDate "2003.11.25"]
[SourceQuality "1"]

1. e4 c5 2. Nf3 a6 3. g3 Nc6 4. Bg2 g6 5. 0-0 Bg7 6. c3 d6 7. h3 Nf6 8. Re1 0-0 9. d4 Nd7 10. d5 Nce5 11. Nxe5 Nxe5 12. f4 Nd7 13. a4 b6 14. c4 a5 15. Nc3 Nb8 16. Kh2 Na6 17. Nb5 Nb4 18. Ra3 Bd7 19. e5 Bf5 20. Re2 h5 21. Be4 Bxe4 22. Rxe4 Qd7 23. Rae3 Rad8 24. e6 fxe6 25. Rxe6 Kh7 26. Rxe7 Qf5 27. Bd2 Rf7 28. Bc3 Rd7 29. Rxf7 Qxf7 30. Qe2 h4 31. Re6 hxg3+ 32. Kxg3 Bf8 33. Qe4 Be7 34. b3 Na2 35. Bb2 Nb4 36. h4 1-0